Sarod va sitar raag des / (Record no. 43105)

MARC details
000 -LEADER
fixed length control field 00944njm a22002537a 4500
005 - DATE AND TIME OF LATEST TRANSACTION
control field 20100830110438.0
006 - FIXED-LENGTH DATA ELEMENTS--ADDITIONAL MATERIAL CHARACTERISTICS--GENERAL INFORMATION
fixed length control field a|||||r|||||00| 0
007 - PHYSICAL DESCRIPTION FIXED FIELD--GENERAL INFORMATION
fixed length control field sd bmmalaaahaa
008 - FIXED-LENGTH DATA ELEMENTS--GENERAL INFORMATION
fixed length control field 100830t xxu||||| |||| 00| 0 eng d
028 ## - PUBLISHER NUMBER
Publisher number N-20183
Source His Master Voice
035 ## - SYSTEM CONTROL NUMBER
System control number GR-12
035 ## - SYSTEM CONTROL NUMBER
System control number OMC 24806
040 ## - CATALOGING SOURCE
Original cataloging agency SED
Transcribing agency SED
245 ## - TITLE STATEMENT
Title Sarod va sitar raag des /
Statement of responsibility, etc Sing by Ustad Ali Akbar [and] Ravi Shankar
Medium [sound recording] :
260 ## - PUBLICATION, DISTRIBUTION, ETC. (IMPRINT)
Place of publication, distribution, etc Dum dum India
Name of publisher, distributor, etc His Master voice
300 ## - PHYSICAL DESCRIPTION
Extent 1 sound disc [Gramophone Record] :
Other physical details analog, 33 1/3 rpm
Dimensions 9.5 in
500 ## - GENERAL NOTE
General note Brief record
505 ## - FORMATTED CONTENTS NOTE
Formatted contents note Sarod va sitar raag kafi jila ( Ali Akbar Khan, Ravi Shankar) Sarod va sitar raag des
650 ## - SUBJECT ADDED ENTRY--TOPICAL TERM
Topical term or geographic name as entry element Classical music
General subdivision Excerpts
Geographic subdivision India
9 (RLIN) 17413
700 ## - ADDED ENTRY--PERSONAL NAME
Personal name Khan, Ali Akbar
9 (RLIN) 17414
700 ## - ADDED ENTRY--PERSONAL NAME
Personal name Ravi Shankar
9 (RLIN) 17415
942 ## - ADDED ENTRY ELEMENTS (KOHA)
Source of classification or shelving scheme Dewey Decimal Classification
Item type Gramaphone Records
Holdings
Withdrawn status Lost status Source of classification or shelving scheme Damaged status Not for loan Collection code Home library Current library Date acquired Source of acquisition Total Checkouts Barcode Date last seen Copy number Price effective from Koha item type
    Dewey Decimal Classification   Not For Loan Non-fiction Central Library Central Library 30/08/2010 SED/VEN   GR-12 30/08/2010 1 30/08/2010 Gramaphone Records

© Delhi Public Library
Hit Counter
free hit counter